00326nam a2200133Ia 4500003000400000005001700004008004100021040001800062041000800080100004500088110001800133245002100151260002000172OSt20230601103829.0211028s2013 xx 000 0 und d cAIMIT LIBRARY aeng aFerrao, Neveena; Nausheeda, B S.e111916 aNausheeda B S aK-Med solutions. aMangalorec2013